Statistics for Led Zeppelin Albums Tile Select

Click here to take the quiz!

General Stats

  • This quiz has been taken 55 times
  • The average score is 59 of 72

Answer Stats

QuestionTileSelect% Correct
the following songs that are on Led Zeppelin (1969).Communication BreakdownYes
96%
the following songs that are on Led Zeppelin (1969).Hats Off to (Roy) HarperNo
96%
the following songs that are on Led Zeppelin (1969).Nobody's Fault but MineNo
96%
the following songs that are on Led Zeppelin (1969).Good Times Bad TimesYes
94%
the following songs that are on Led Zeppelin's untitled fourth album (1971).Immigrant SongNo
94%
the following songs that are on Led Zeppelin II (1969).Boogie with StuNo
92%
the following songs that are on Houses of the Holy (1973).Bring It On HomeNo
92%
the following songs that are on Led Zeppelin III (1970).Gallows PoleYes
92%
the following songs that are on Physical Graffiti (1975).KashmirYes
92%
the following songs that are on Led Zeppelin's untitled fourth album (1971).Misty Mountain HopYes
92%
the following songs that are on Houses of the Holy (1973).Rock and RollNo
92%
the following songs that are on Led Zeppelin (1969).Travelling Riverside BluesNo
92%
the following songs that are on Led Zeppelin's untitled fourth album (1971).When the Levee BreaksYes
92%
the following songs that are on Led Zeppelin (1969).Whole Lotta LoveNo
92%
the following songs that are on Led Zeppelin II (1969).Celebration DayNo
90%
the following songs that are on Houses of the Holy (1973).No QuarterYes
90%
the following songs that are on Led Zeppelin's untitled fourth album (1971).The Battle of EvermoreYes
90%
the following songs that are on Led Zeppelin II (1969).The CrungeNo
90%
the following songs that are on Led Zeppelin's untitled fourth album (1971).The OceanNo
90%
the following songs that are on Houses of the Holy (1973).The Song Remains the SameYes
90%
the following songs that are on Led Zeppelin (1969).Babe I'm Gonna Leave YouYes
88%
the following songs that are on Led Zeppelin III (1970).Black Country WomanNo
88%
the following songs that are on Led Zeppelin's untitled fourth album (1971).Black DogYes
88%
the following songs that are on Houses of the Holy (1973).Black Mountain SideNo
88%
the following songs that are on Led Zeppelin's untitled fourth album (1971).Dazed and ConfusedNo
88%
the following songs that are on Houses of the Holy (1973).HeartbreakerNo
88%
the following songs that are on Led Zeppelin III (1970).Hey, Hey, What Can I DoNo
88%
the following songs that are on Physical Graffiti (1975).In My Time of DyingYes
88%
the following songs that are on Led Zeppelin's untitled fourth album (1971).Stairway to HeavenYes
88%
the following songs that are on Presence (1976).Achilles Last StandYes
86%
the following songs that are on Led Zeppelin II (1969).Baby Come On HomeNo
86%
the following songs that are on Led Zeppelin's untitled fourth album (1971).Going to CaliforniaYes
86%
the following songs that are on Led Zeppelin II (1969).Moby DickYes
86%
the following songs that are on Physical Graffiti (1975).Since I've Been Loving YouNo
86%
the following songs that are on Physical Graffiti (1975).Wearing and TearingNo
86%
the following songs that are on Physical Graffiti (1975).How Many More TimesNo
84%
the following songs that are on Led Zeppelin II (1969).Living Loving Maid (She's Just a Woman)Yes
84%
the following songs that are on Houses of the Holy (1973).Over the Hills and Far AwayYes
84%
the following songs that are on Physical Graffiti (1975).South Bound SaurezNo
84%
the following songs that are on In Through the Out Door (1979).D'yer Mak'erNo
82%
the following songs that are on Led Zeppelin (1969).I Can't Quit You BabyYes
82%
the following songs that are on In Through the Out Door (1979).TangerineNo
82%
the following songs that are on Presence (1976).The RoverNo
82%
the following songs that are on Led Zeppelin II (1969).What Is and What Should Never BeYes
82%
the following songs that are on In Through the Out Door (1979).Fool in the RainYes
80%
the following songs that are on Led Zeppelin III (1970).The Wanton SongNo
80%
the following songs that are on Physical Graffiti (1975).Trampled UnderfootYes
80%
the following songs that are on In Through the Out Door (1979).Custard PieNo
78%
the following songs that are on Presence (1976).In the EveningNo
78%
the following songs that are on Presence (1976).Night FlightNo
78%
the following songs that are on Led Zeppelin III (1970).Bron-Y-Aur StompYes
76%
the following songs that are on Houses of the Holy (1973).Dancing DaysYes
76%
the following songs that are on In Through the Out Door (1979).In the LightNo
76%
the following songs that are on Led Zeppelin III (1970).Out on the TilesYes
76%
the following songs that are on Led Zeppelin III (1970).Ramble OnNo
76%
the following songs that are on Led Zeppelin II (1969).Thank YouYes
76%
the following songs that are on In Through the Out Door (1979).Hot DogYes
74%
the following songs that are on Presence (1976).Royal OrleansYes
74%
the following songs that are on Led Zeppelin II (1969).The Lemon SongYes
74%
the following songs that are on Led Zeppelin III (1970).FriendsYes
72%
the following songs that are on Led Zeppelin (1969).Your Time Is Gonna ComeYes
72%
the following songs that are on In Through the Out Door (1979).All My LoveYes
70%
the following songs that are on Presence (1976).We're Gonna GrooveNo
70%
the following songs that are on In Through the Out Door (1979).DarleneNo
68%
the following songs that are on Physical Graffiti (1975).Down by the SeasideYes
68%
the following songs that are on Houses of the Holy (1973).Houses of the HolyNo
66%
the following songs that are on Presence (1976).CarouselambraNo
64%
the following songs that are on Presence (1976).Tea for OneYes
64%
the following songs that are on Led Zeppelin III (1970).That's the WayYes
60%
the following songs that are on In Through the Out Door (1979).I'm Gonna CrawlYes
58%
the following songs that are on Physical Graffiti (1975).Sick AgainYes
52%
the following songs that are on Presence (1976).For Your LifeYes
48%

Score Distribution

Percentile by Number Answered

Percent of People with Each Score

Your Score History

You have not taken this quiz